000 00637nam a2200217Ia 4500
001 9266
003 GE_BSU
008 181216s||||||||xx |||||||||||||| ||und||
040 _cGE_BSU
080 _a621.315
100 _aЛипштеин,Р.А. Шахнович,М.И.
245 _aТрансформаторное масло.
245 _cРед. Б.В.Лосиков.
250 _aИзд. 2-е перераб. и дополненное.
260 _aМ.
260 _bЭнергия.
260 _c1968.
300 _a352 стр. с илл. 22 см.
653 _aТрансформаторное масло.
942 _cBK
999 _c42567
_d42567